00458nam a2200133 i 450000100060000000300090000600500170001500700030003200800410003524501240007626000690020030000210026985200340029086014ES-MaACL20230906175346.0t|041207s1963 sp ||||1| spa d00aDiscurso pronunciado en las Naciones Unidas por John F. Kennedy, presidente de los Estados Unidos, 20 septiembre, 1963. a[Madrid : bEmbajada de los Estados Unidos de América, c1963] a10 h. ; c17 cm. aES-MaACLj2051-F-10 bR.52843